Piłka nożna - Juventus - transfery - Statystyki

Ogólne statystyki
  • Ten quiz został rozwiązany 115 razy
  • Średni wynik to 9 z 15
Statystyki odpowiedzi
miejsce kwota sezon klub oddający zawodnik % Poprawnych
1. 117,00 mln € 18/19 Real Madryt Cristiano Ronaldo
96%
3. 85,50 mln € 19/20 Ajax Amsterdam Matthijs de Ligt
78%
2. 90,00 mln € 16/17 SSC Napoli Gonzalo Higuain
76%
7. 52,88 mln € 01/02 AC Parma Gianluigi Buffon
75%
4. 83,50 mln € 21/22 AC Fiorentina Dusan Vlahović
72%
8. 51,50 mln € 24/25 Aston Villa Douglas Luiz
71%
11. 44,60 mln € 22/23 AC Fiorentina Federico Chiesa
68%
12. 41,00 mln € 15/16 US Palermo Paulo Dybala
68%
5. 80,60 mln € 20/21 FC Barcelona Arthur Melo
67%
9. 46,90 mln € 22/23 Torino Bremer
57%
14. 40,00 mln € 18/19 Bayern Monachium Douglas Costa
50%
6. 58,40 mln € 24/25 Atalanta BC Teun Koopmeiners
47%
13. 40,40 mln € 18/19 Valencia CF Joao Cancelo
41%
10. 45,00 mln € 01/02 Lazio Rzym Pavel Nedved
32%
15. 40,00 mln € 17/18 AC Fiorentina Federico Bernardeschi
22%
Nie znaleziono quizów pasujących do podanych kryteriów
Rozkład punktacji
Procent ludzi z każdym wynikiem
Percentyl według liczby udzielonych odpowiedzi
Twoja historia wyników
Nie rozwiązałeś tego quizu